Liczba PI - Statystyki

Ogólne statystyki
  • Ten quiz został rozwiązany 1 357 razy
  • Średni wynik to 35 z 50
Statystyki odpowiedzi
Hint Odpowiedź % Poprawnych
1 1
100%
2 4
98%
3 1
97%
4 5
96%
5 9
93%
6 2
91%
7 6
89%
8 5
88%
9 3
86%
10 5
85%
11 8
84%
12 9
83%
13 7
82%
14 9
81%
15 3
79%
16 2
78%
17 3
77%
18 8
76%
19 4
74%
20 6
73%
21 2
72%
22 6
70%
23 4
69%
24 3
68%
25 3
67%
27 3
65%
26 8
65%
28 2
64%
29 7
64%
30 9
64%
32 0
62%
31 5
62%
33 2
61%
36 4
60%
34 8
60%
35 8
60%
37 1
58%
40 1
57%
39 7
57%
38 9
57%
41 6
56%
42 9
56%
43 3
55%
46 3
55%
44 9
55%
45 9
55%
47 7
54%
49 1
53%
48 5
53%
50 0
52%
Nie znaleziono quizów pasujących do podanych kryteriów
Rozkład punktacji
Procent ludzi z każdym wynikiem
Percentyl według liczby udzielonych odpowiedzi
Twoja historia wyników
Nie rozwiązałeś tego quizu